Nocturno de Chile
Gorde:
| Egile nagusia: | |
|---|---|
| Formatua: | Liburua |
| Hizkuntza: | gaztelania |
| Argitaratua: |
Barcelona
Penguin Randon House
2017
|
| Edizioa: | 1a. ed |
| Saila: | Contemporánea
|
| Gaiak: | |
| Etiketak: |
Etiketa erantsi
Etiketarik gabe, Izan zaitez lehena erregistro honi etiketa jartzen!
|
MARC
| LEADER | 00000cam a2200000 a 4500 | ||
|---|---|---|---|
| 001 | UCC3126 | ||
| 003 | CL-VaPUC | ||
| 008 | 180422e20170000sp |||||||||||||||||spa|d | ||
| 020 | |a 9788466337151 | ||
| 082 | 0 | 4 | |a Ch863 |b BOL |2 21 |
| 100 | 0 | |a Bolaño, Roberto |e author |9 559163 | |
| 245 | 1 | 0 | |a Nocturno de Chile |
| 250 | |a 1a. ed | ||
| 300 | |a 110 p | ||
| 942 | |c BK | ||
| 945 | |d 20180422 17:11:00 |a dcastane | ||
| 260 | |a Barcelona |b Penguin Randon House |c 2017 | ||
| 650 | 0 | |a Novelas chilenas |9 265425 | |
| 650 | 0 | |a Literatura chilena |9 308278 | |
| 583 | |a last modification |c 20180422 17:11:00 |k Rodrigo Vera | ||
| 490 | 0 | |a Contemporánea | |
| 999 | |c 370976 |d 370974 | ||
| 952 | |0 0 |1 0 |3 erb |4 0 |6 CH_863_000000000000000_BOL_2017 |7 0 |8 R |9 487791 |a BIBEDU |b BIBEDU |c MCIRC |i 5465729 |l 2 |o Ch863 BOL 2017 |p 5465729 |r 2023-09-14 |s 2023-09-12 |w 2019-11-24 |y BK_R |z Catalogado en:20180422 |k LIT | ||
| 952 | |0 0 |1 0 |3 erb |4 0 |6 CH_863_000000000000000_BOL_2017 |7 0 |8 R |9 487792 |a BIBEDU |b BIBEDU |c MCIRC |i 5465737 |l 2 |o Ch863 BOL 2017 |p 5465737 |r 2024-06-12 |s 2024-06-10 |w 2019-11-24 |y BK_R |z Catalogado en:20180422 |k LIT | ||